000 00444nam a22001697a 4500
999 _c6641
_d6641
003 GBCCL
005 20241126110607.0
008 180523b ||||| |||| 00| 0 eng d
040 _cgbc
082 _a232
_bSPU
100 _aSpurgeon, D. S.
_911881
245 _aTragedy turned to triumph /
_cD. S. Spurgeon
260 _aNagercoil:
_bLight of Hope Mission,
_c1981
300 _a70 p.;
_c18 cm.
650 _aJesus Christ
_95883
942 _2ddc
_cBK